000 00745nam a22002177a 4500
005 20240530110615.0
008 161128s2014 ua g 000 1 ara d
017 _a2014/8366
_bمصر. دار الكتب
020 _a9789774277498
040 _aEG-CaGPL
_cEG-CaGPL
082 0 4 _221
_a813.009\
_bج ق
100 0 _aجابر عصفور
245 1 2 _aالقص فى هذا الزمان /
_cجابر عصفور
250 _aط.1.
260 _aالقاهرة :
_bالدار المصرية اللبنانية ،
_c2014.
300 _a407 ص. ؛
_c19 سم.
650 0 7 _2qrmak
_aالادب العربى
650 0 7 _2qrmak
_aالقصص العربية
_xتاريخ و نقد
942 _2ddc
_cBK
999 _c62940
_d62940